000 00531cam a2200145 4500500
005 20251228082902.0
041 _afre
042 _adc
100 1 0 _aCampangne, Hervé Thomas
_eauthor
245 0 0 _aDe l'histoire tragique à la dramaturgie : Mainfray et Desfontaines lecteurs de Jacques Yver
260 _c2005.
500 _a22
786 0 _nDix-septième siècle | 227 | 2 | 2005-06-01 | p. 211-226 | 0012-4273
856 4 1 _uhttps://shs.cairn.info/revue-dix-septieme-siecle-2005-2-page-211?lang=fr&redirect-ssocas=7080
999 _c1599983
_d1599983